000 00849nam a22002297a 4500
999 _c370937
_d370937
008 201130b ||||| |||| 00| 0 eng d
040 _bger
_cDE-2950
_erda
_aDE-2950
041 _ager
100 _aPansegrau Axel:
245 _aTestanbieter werben mit Paketpreisen.
_bNeuregelung: Seit dem 11. Oktober müssen Corona-Schnelltests bis auf Ausnahmen selbst bezahlt werden. Ein Preisvergleich an Frankfurts Teststellen./
_cPansegrau Axel
264 _c2021
653 _aFrankfurt (Oder)
653 _aCorona
653 _aTestzentrum
653 _aNeuregelung
653 _aCorona-Schnelltest
773 _dFrankfurt (Oder): Märkisches Verlags- und Druckhaus GmbH & Co KG
_g32. Jahrgang (2021) Nr. 238 vom 12.10.2021, S. 13
_tMärkische Oderzeitung
942 _cA